000 00502nam a2200181Ia 4500
001 24575
005 20260414151052.0
008 260414t2012||||xx |||||||||||||| ||spa||
041 _aESP
082 _a345.721
_bB141 V. 22
100 _aCastillo Freyre, Mario
_eAUT
245 0 _aArbitraje comercial internacional en Europa :
_b(aspectos actuales y regímenes jurídicos)
260 _c2012
300 _a1220 páginas : :
_c24 cm.
650 _aDER
654 _aCDE
942 _cLIB
_dJUS
_fJUS
_2ddc
_n
999 _c24575
_d24575